000 02360cam a22002414a 4500
005 20260202144545.0
008 250528s ||||||||||||||||||||||||d
020 _a9789606970689
035 _a21270
040 _aGR-AtMCL
_bgre
_dGR-AtMCL
_eAACR2
245 1 _aΒιοψυχολογία / Πρώτη Ελληνική Έκδοση
250 _a
260 _bΊων,
_c2011
300 _a616 σ.
520 _aΤι Είναι η Βιοψυχολογία;, Η Βιοψυχολογία ως Νευροεπιστήμη, Οι Βάσεις της Βιοψυχολογίας, Εξέλιξη και Γενετική και Εμπειρία, Ανατομία του Νευρικού Συστήματος, Νευρωνική Αγωγιμότητα και Συναπτική Διαβίβαση, Μέθοδοι Έρευνας στη Βιοψυχολογία, Αισθητικά και Κινητικά Συστήματα, Το Οπτικό Σύστημα, Οι Μηχανισμοί της Αντίληψης: Ακοή - Αφή - Όσφρηση - Γεύση και Προσοχή, Το Αισθητικοκινητικό Σύστημα, Ευπλαστότητα του Εγκεφάλου, Η Ανάπτυξη του Νευρικού Συστήματος, Εγκεφαλική Βλάβη και Ευπλαστότητα του Νευρικού Συστήματος, Μάθηση και Μνήμη και Αμνησία, Η Βιοψυχολογία της Κινητοποίησης, Το Αίσθημα της Πείνας - η Λήψη Τροφής και η Υγεία, Ορμόνες και Φύλο, Ύπνος και Όνειρα και Κιρκάδιοι Ρυθμοί, Ο Εθισμός σε Ουσίες και τα Κυκλώματα, Γνωσιακές και Συμπεριφοριστικές Διαταραχές, Πλευρίωση και Γλώσσα και Διχασμένος Εγκέφαλος, Η Βιοψυχολογία του Συναισθήματος και το Στρες και η Υγεία, Η Βιοψυχολογία των Ψυχιατρικών Διαταραχών.
700 1 _aPinel, John P. J.
_9334
700 1 _aΓιακουμάκη Στέλλα
_97307
700 1 _aΚαστελλάκης Ανδρέας Α
_97308
700 1 _aΤατά Δέσποινα
_97309
942 _cBK
999 _c6335
_d6335